| 000 | 01376pam a2200385 i 4500 | ||
|---|---|---|---|
| 999 |
_c1829 _d1829 |
||
| 001 | 016324551 | ||
| 003 | Uk | ||
| 005 | 20230202085536.0 | ||
| 008 | 130411s2013 enka j |000 1|eng d | ||
| 015 |
_aGBB340764 _2bnb |
||
| 016 | 7 |
_a016324551 _2Uk |
|
| 020 | _a9780007528080 (paperback) : | ||
| 040 |
_aStDuBDS _beng _cStDuBDS _dUk _dKH8 _erda |
||
| 042 | _aukblsr | ||
| 082 | 0 | 4 |
_a823.914 KER _223 |
| 100 | 1 |
_aKerr, Judith, _eauthor, _eartist. |
|
| 240 | 1 | 0 |
_aNovels. _kSelections |
| 245 | 1 | 0 |
_aMog and Bunny and other stories / _cwritten and illustrated by Judith Kerr. |
| 264 | 1 |
_aHammersmith, London : _bHarperCollins Children's Books, _c2013. |
|
| 300 |
_a102 unnumbered pages : _bchiefly illustrations (colour) ; _c28 cm |
||
| 336 |
_atext _2rdacontent |
||
| 336 |
_astill image _2rdacontent |
||
| 337 |
_aunmediated _2rdamedia |
||
| 338 |
_avolume _2rdacarrier |
||
| 500 |
_aFormerly CIP. _5Uk |
||
| 505 | 0 | _aMog and Bunny -- Mog and the V.E.T. -- Mog and the granny. | |
| 600 | 0 | 0 |
_aMog _c(Fictitious character from Kerr) _vPictorial works _vJuvenile fiction. |
| 650 | 0 |
_aCats _vPictorial works _vJuvenile fiction. |
|
| 650 | 0 | _aChildren's stories, English. | |
| 700 | 1 | 2 |
_aKerr, Judith. _tMog and Bunny. |
| 700 | 1 | 2 |
_aKerr, Judith. _tMog and the vee ve tee. |
| 700 | 1 | 2 |
_aKerr, Judith. _tMog and the granny. |
| 740 | 0 | 2 | _aMog and the V.E.T. |
| 942 |
_2ddc _cNFIC |
||